00508nam a2200193Ia 4500003000400000005001700004008004100021020002200062040000700084041000800091082001600099100001800115245006900133260004700202300001500249365001300264650001400277650002300291OSt20230516144821.0210423s2014 xx 000 0 und d a978-93-5051-574-7 cAL aeng a541.39 CHAR aCHATWAL (G R) aReaction mechanism and reagents organic chemistrycARORA (M) Ed aNew DelhibHimalaya Publishing Housec2014 a17.104bPB b635cINR aChemistry aPhysical Chemistry